000 00306nam a22001337a 4500
008 170614b xxu||||| |||| 00| 0 eng d
020 _a9781608714124
041 _aeng
080 _a323
100 _a19
101 _aSHP
245 _aISSUES FOR DEBATE IN HUMAN RIGHTS
_cFRASIER.E
942 _2udc
_cBK
999 _c17245
_d17245